Pokémon - Personnages de la 4g - Statistiques

Statistiques générales
  • Ce quiz a été pris 124 fois
  • Le résultat moyen est 24 sur 41
Statistiques - réponses
Par images Réponse % Correct
Cynthia
99%
Aurore
97%
Hélio
96%
Jupiter
95%
Mars
95%
Saturne
93%
Pierrick
89%
Professeur Sorbier
88%
Tanguy
88%
Beladonis
85%
Flo
85%
Barry
81%
Adrien
80%
Gladys
80%
Lovis le Teigneux
80%
Mélina
80%
Charles
76%
Aaron
75%
Pluton
75%
Terry
75%
Kiméra
71%
Lucio
69%
Louka
65%
Armand
64%
Sara
63%
Percila
49%
Cornil
41%
Célesta
37%
Koner
36%
Viviane
35%
Maïté
33%
Amelle
25%
Cardus
21%
Ingrid
21%
Dahlia
19%
Pollux
17%
Parsley
12%
Célosia
11%
Eulalie
5%
Felicity
5%
Rose
5%
Aucun quiz correspondant
Distribution des résultats
% des personnes avec chaque résultat
Percentile par nombre de réponses
Votre historique - résultats
Vous n’avez pas pris ce quiz